[Event "COL-ch U20 Girls"]
[Site "Cali"]
[Date "2023.06.25"]
[Round "6"]
[White "Acosta Angulo, Mariana Valentina"]
[Black "Martinez Salgado, Gabriela"]
[Result "1-0"]
[WhiteElo "1541"]
[BlackElo "1209"]
[PlyCount "69"]
[EventDate "2023.06.22"]
[EventType "swiss"]
[EventRounds "7"]
[EventCountry "COL"]
[SourceTitle "CBM 214 Extra"]
[Source "ChessBase"]
[SourceDate "2023.07.31"]
[SourceVersion "1"]
[SourceVersionDate "2023.07.31"]
[SourceQuality "1"]

1. e4 c5 2. Nf3 d6 3. Bb5+ Bd7 4. Bxd7+ Nxd7 5. 0-0 Ngf6 6. Qe2 e6 7. c3 Be7 8. d4 0-0 9. Rd1 Qc7 10. h3 Rfd8 11. Bf4 Qc6 12. e5 Nd5 13. Bg3 dxe5 14. dxe5 c4 15. Nbd2 b5 16. Ne4 Nc5 17. Nd4 Qb6 18. Nd6 Bxd6 19. exd6 Nd3 20. Qg4 Nf6 21. Qe2 Qc5 22. Rxd3 cxd3 23. Qxd3 a6 24. Rd1 Rac8 25. Nf3 Ne8 26. d7 Ra8 27. dxe8Q+ Rxe8 28. Ne5 Qe7 29. Nc6 Qf6 30. Be5 Qg5 31. Qd7 h6 32. Rd3 Rf8 33. Rg3 Qc1+ 34. Kh2 g6 35. Rxg6+ 1-0

[Event "COL-chT Blitz"]
[Site "Santander"]
[Date "2022.09.10"]
[Round "4.4"]
[White "Acosta Angulo, Mariana Valentina"]
[Black "Negrete Lobo, Rafael Alfonso"]
[Result "0-1"]
[WhiteElo "1383"]
[BlackElo "1600"]
[PlyCount "89"]
[EventDate "2022.09.10"]
[EventType "team-swiss (blitz)"]
[EventRounds "9"]
[EventCountry "COL"]
[SourceTitle "EXT 2023"]
[Source "ChessBase"]
[SourceDate "2022.10.05"]
[SourceVersion "1"]
[SourceVersionDate "2022.10.05"]
[SourceQuality "1"]
[WhiteTeam "Valle II"]
[BlackTeam "Cordoba"]
[WhiteTeamCountry "COL"]
[BlackTeamCountry "COL"]

1. e4 e5 2. Nf3 d6 3. Bc4 Be7 4. Nc3 Nf6 5. d3 0-0 6. 0-0 Nc6 7. h3 h6 8. Ne2 Be6 9. Bb3 Bxb3 10. axb3 a6 11. Ng3 Nh7 12. Nf5 Bf6 13. Be3 Ne7 14. Nxe7+ Bxe7 15. Qd2 f5 16. exf5 Rxf5 17. Rae1 c5 18. Nh2 Bg5 19. f4 exf4 20. Bxf4 Bxf4 21. Rxf4 Rxf4 22. Qxf4 Qf6 23. Qe3 Qxb2 24. Qe6+ Kh8 25. Qxd6 Qxc2 26. Qd7 Qxb3 27. Re7 Qd1+ 28. Nf1 Rf8 29. Rf7 Rg8 30. Kh2 b5 31. Ng3 Ng5 32. Re7 Qd2 33. Kh1 b4 34. Nf5 Qc1+ 35. Kh2 Qb2 36. Kh1 a5 37. Nd6 Qc1+ 38. Kh2 Qf4+ 39. Kh1 b3 40. Nf7+ Nxf7 41. Rxf7 Qc1+ 42. Kh2 b2 43. Rxg7 Qf4+ 44. Kh1 Rxg7 45. Qe8+ 0-1

[Event "Pan American-ch U20 Girls"]
[Site "Pereira"]
[Date "2022.08.23"]
[Round "1"]
[White "Hilario Huaranca, Aleyla Karen"]
[Black "Acosta Angulo, Mariana Valentina"]
[Result "0-1"]
[WhiteElo "1899"]
[BlackElo "1489"]
[PlyCount "56"]
[EventDate "2022.08.23"]
[EventType "swiss"]
[EventRounds "9"]
[EventCountry "COL"]
[SourceTitle "CBM 210 Extra"]
[Source "ChessBase"]
[SourceDate "2022.11.30"]
[SourceVersion "1"]
[SourceVersionDate "2022.11.30"]
[SourceQuality "1"]

1. d4 d5 2. c4 c6 3. Nf3 Nf6 4. Nc3 dxc4 5. a4 Bf5 6. Ne5 e6 7. Nxc4 Bb4 8. e3 0-0 9. Be2 c5 10. 0-0 Nc6 11. Ne5 Nxe5 12. dxe5 Ne4 13. Nb5 Qg5 14. Bd3 Rad8 15. Qc2 Nd2 16. e4 Bh3 17. g3 Bxf1 18. Bxf1 Qxe5 19. Bg2 Qf6 20. Nc3 Bxc3 21. bxc3 Nf3+ 22. Bxf3 Qxf3 23. Be3 b6 24. a5 Rd7 25. axb6 axb6 26. h4 Rfd8 27. Kh2 Rd1 28. Rxd1 Rxd1 0-1

[Event "Medellin Feria de las Flores op"]
[Site "Medellin"]
[Date "2022.08.04"]
[Round "2"]
[White "Acosta Angulo, Mariana Valentina"]
[Black "Gonzalez Velasco, Leandro"]
[Result "1-0"]
[WhiteElo "1489"]
[BlackElo "2116"]
[PlyCount "93"]
[EventDate "2022.08.03"]
[EventType "swiss"]
[EventRounds "9"]
[EventCountry "COL"]
[SourceTitle "CBM 209 Extra"]
[Source "ChessBase"]
[SourceDate "2022.09.30"]
[SourceVersion "1"]
[SourceVersionDate "2022.09.30"]
[SourceQuality "1"]

1. e4 c5 2. Nf3 d6 3. Bb5+ Bd7 4. Bxd7+ Nxd7 5. 0-0 Ngf6 6. Qe2 g6 7. Rd1 Bg7 8. c3 0-0 9. d4 cxd4 10. cxd4 d5 11. e5 Ne4 12. Ng5 Nxg5 13. Bxg5 f6 14. exf6 exf6 15. Be3 f5 16. Qd2 Nb6 17. Na3 Qh4 18. Bg5 Qh5 19. Rac1 h6 20. Bf4 Rf7 21. b3 Re8 22. Re1 Re4 23. Be5 Bxe5 24. dxe5 Rh4 25. e6 Re7 26. h3 f4 27. Qc3 f3 28. Re5 g5 29. Rf5 Qg6 30. Qxf3 Qxe6 31. Nb5 g4 32. Qf4 Rg7 33. Rf8+ Kh7 34. Nd4 Qd7 35. Nf5 Rf7 36. Rxf7+ Qxf7 37. Rc7 Nd7 38. Rxd7 Qxd7 39. Nxh4 gxh3 40. gxh3 Qg7+ 41. Kh2 d4 42. Qe4+ Kg8 43. Nf5 Qc7+ 44. Kg2 Qd7 45. Nxd4 Qg7+ 46. Qg4 Qxg4+ 47. hxg4 1-0